000 00490nam a2200169 i 4500
001 125624
003 ES-MaACL
005 20230906192652.0
007 t|
008 070621s1959 sp ||||1| spa d
100 1 _aZilahy, Lajos.
_9118252
245 1 3 _aLa ciudad vagabunda /
_cLajos Zilahy ; [versión de F. Oliver Brachfeld].
260 _aBarcelona :
_bCisne,
_c1959.
300 _a288 p. ;
_c18 cm.
700 1 _aOliver Brachfeld, F.
_986832
852 _aES-MaACL
_jC-17518
_bR.44213
999 _c125624
_d125624